[Event "Samara Polugaevsky Memorial 6th"]
[Site "Samara"]
[Date "2016.07.11"]
[Round "9"]
[White "Varkentin, Wilhelm"]
[Black "Esipenko, Aleksandr"]
[Result "1-0"]
[WhiteElo "1921"]
[BlackElo "1984"]
[PlyCount "87"]
[EventDate "2016.07.03"]
[EventType "swiss"]
[EventRounds "9"]
[EventCountry "RUS"]
[SourceTitle "EXT 2019"]
[Source "ChessBase"]
[SourceDate "2018.10.10"]
[SourceVersion "1"]
[SourceVersionDate "2018.10.10"]
[SourceQuality "1"]

1. Nf3 d5 2. c4 c6 3. e3 Nf6 4. Nc3 e6 5. b3 Bd6 6. Qc2 0-0 7. Bb2 a6 8. d4 Nbd7 9. Bd3 b5 10. c5 Bc7 11. g4 g6 12. h4 Nxg4 13. h5 Qf6 14. Qe2 e5 15. Nd2 Qe6 16. f3 exd4 17. fxg4 dxc3 18. Bxc3 Nxc5 19. 0-0-0 Qxg4 20. hxg6 Nxd3+ 21. Qxd3 fxg6 22. Rdg1 Qf5 23. Qd4 Be5 24. Qxe5 Qxe5 25. Bxe5 Bb7 26. Bd6 Rf7 27. Rf1 Rxf1+ 28. Rxf1 Re8 29. Bc5 Bc8 30. Rf6 Be6 31. b4 g5 32. Kd1 g4 33. Ke1 h5 34. Rh6 Bf7 35. Bd4 Kf8 36. Kf2 Re6 37. Rxe6 Bxe6 38. Kg3 Kf7 39. Kh4 Kg6 40. Nf1 Kh6 41. Ng3 Bf7 42. Nf5+ Kh7 43. Kg5 Bg6 44. Ng3 1-0

[Event "Samara Polugaevsky Memorial 6th"]
[Site "Samara"]
[Date "2016.07.06"]
[Round "4"]
[White "Popov, Alexey"]
[Black "Varkentin, Wilhelm"]
[Result "0-1"]
[WhiteElo "2097"]
[BlackElo "1921"]
[PlyCount "100"]
[EventDate "2016.07.03"]
[EventType "swiss"]
[EventRounds "9"]
[EventCountry "RUS"]
[SourceTitle "EXT 2019"]
[Source "ChessBase"]
[SourceDate "2018.10.10"]
[SourceVersion "1"]
[SourceVersionDate "2018.10.10"]
[SourceQuality "1"]

1. Nf3 Nf6 2. c3 e6 3. d4 b6 4. Nbd2 Bb7 5. e3 Be7 6. Bd3 0-0 7. Qe2 d5 8. Nf1 Nbd7 9. Ng3 Ne4 10. Qc2 f5 11. a4 c5 12. Bb5 Ndf6 13. Ne5 Qc7 14. Bd3 Bd6 15. f4 cxd4 16. exd4 a6 17. Ne2 Qe7 18. 0-0 Kh8 19. Bd2 Rg8 20. Rf3 g5 21. fxg5 Nxg5 22. Bxg5 Rxg5 23. Nf4 Bxe5 24. dxe5 Ng4 25. Nh3 Rg7 26. Qe2 d4 27. cxd4 Bxf3 28. Qxf3 Rd8 29. Bxa6 Rxd4 30. Rc1 Rg8 31. Nf2 Qg5 32. Re1 Qh4 33. h3 Qxf2+ 34. Qxf2 Nxf2 35. Kxf2 Rd2+ 36. Re2 Rxe2+ 37. Bxe2 Kg7 38. Ke3 Kf7 39. Bf3 Rc8 40. Kd4 Rc7 41. b4 Ke7 42. Be2 Rc2 43. Bc4 Rd2+ 44. Kc3 Rxg2 45. a5 Rg3+ 46. Kb2 bxa5 47. bxa5 Kd7 48. a6 f4 49. Bd3 Kc7 50. Bc4 Re3 0-1

[Event "Samara Polugaevsky Memorial 6th"]
[Site "Samara"]
[Date "2016.07.04"]
[Round "2"]
[White "Geshko, Aleksey"]
[Black "Varkentin, Wilhelm"]
[Result "1-0"]
[WhiteElo "2107"]
[BlackElo "1921"]
[PlyCount "59"]
[EventDate "2016.07.03"]
[EventType "swiss"]
[EventRounds "9"]
[EventCountry "RUS"]
[SourceTitle "EXT 2019"]
[Source "ChessBase"]
[SourceDate "2018.10.10"]
[SourceVersion "1"]
[SourceVersionDate "2018.10.10"]
[SourceQuality "1"]

1. e4 c5 2. Nf3 e6 3. d4 cxd4 4. Nxd4 a6 5. c4 Nf6 6. Nc3 Qc7 7. a3 b6 8. Be3 Bb7 9. f3 d6 10. Be2 Be7 11. 0-0 0-0 12. Rc1 Nbd7 13. Qd2 Rac8 14. Rfd1 Qb8 15. b4 Bd8 16. Nb3 Bc7 17. Bf4 Ne5 18. Bxe5 dxe5 19. Qe3 Rfd8 20. Kh1 Rxd1+ 21. Rxd1 Rd8 22. Rb1 Nh5 23. a4 f5 24. c5 Rd4 25. Nxd4 exd4 26. Qxd4 Bxh2 27. f4 Nxf4 28. Qd6 Qxd6 29. cxd6 Nxe2 30. Kxh2 1-0

[Event "Satka Summer op"]
[Site "Satka"]
[Date "2014.07.07"]
[Round "7"]
[White "Varkentin, Wilhelm"]
[Black "Mamontova, Anastasia"]
[Result "0-1"]
[WhiteElo "1913"]
[BlackElo "1858"]
[PlyCount "88"]
[EventDate "2014.07.02"]
[EventType "swiss"]
[EventRounds "9"]
[EventCountry "RUS"]
[SourceTitle "CBM 161 Extra"]
[Source "ChessBase"]
[SourceDate "2014.08.29"]
[SourceVersion "1"]
[SourceVersionDate "2014.08.29"]
[SourceQuality "1"]

1. Nf3 Nc6 2. d4 d5 3. c4 Bg4 4. e3 Nf6 5. h3 Bxf3 6. Qxf3 e5 7. cxd5 Qxd5 8. Qxd5 Nxd5 9. dxe5 Ndb4 10. Na3 Nxe5 11. f4 Ned3+ 12. Bxd3 Nxd3+ 13. Ke2 Nxc1+ 14. Rhxc1 Bxa3 15. bxa3 0-0-0 16. Rc3 Rd6 17. Rac1 c6 18. e4 Rhd8 19. R1c2 Kd7 20. g4 Ke6 21. Rb3 R8d7 22. Ke3 Rd1 23. f5+ Kf6 24. Kf4 g5+ 25. fxg6 hxg6 26. a4 g5+ 27. Kf3 R1d3+ 28. Kg2 Rd2+ 29. Rxd2 Rxd2+ 30. Kf3 Rd7 31. a5 c5 32. Ke3 Ke5 33. Rc3 b6 34. Rb3 Rd6 35. Rb5 Rd4 36. axb6 axb6 37. Rxb6 Rxe4+ 38. Kf3 Ra4 39. Rb2 Ra3+ 40. Kg2 c4 41. Rb5+ Kd4 42. Kf1 Rxa2 43. Rxg5 Ra1+ 44. Ke2 c3 0-1

[Event "Satka Summer op"]
[Site "Satka"]
[Date "2014.07.06"]
[Round "6"]
[White "Varkentin, Wilhelm"]
[Black "Sveshnikov, Dmitry"]
[Result "1-0"]
[WhiteElo "1913"]
[BlackElo "1733"]
[PlyCount "149"]
[EventDate "2014.07.02"]
[EventType "swiss"]
[EventRounds "9"]
[EventCountry "RUS"]
[SourceTitle "CBM 161 Extra"]
[Source "ChessBase"]
[SourceDate "2014.08.29"]
[SourceVersion "1"]
[SourceVersionDate "2014.08.29"]
[SourceQuality "1"]

1. Nf3 d5 2. d4 Nf6 3. c4 e6 4. g3 Nbd7 5. Bg2 dxc4 6. 0-0 c5 7. Qc2 Nb6 8. Rd1 Bd7 9. Ne5 Nfd5 10. Nxc4 cxd4 11. Rxd4 Qf6 12. Nxb6 axb6 13. Rd2 Bc5 14. e4 Nb4 15. Qd1 Ba4 16. Qe2 0-0 17. e5 Qe7 18. Nc3 Bc6 19. Ne4 Rfd8 20. a3 Rxd2 21. Bxd2 Qc7 22. Rc1 Na2 23. Ra1 Nb4 24. Re1 Nc2 25. Rc1 Nd4 26. Qh5 Nb3 27. Rc2 Rd8 28. Bf4 Qd7 29. Nd6 Bxd6 30. exd6 f6 31. Bf1 g6 32. Qd1 Kg7 33. Rc3 e5 34. Be3 Nd4 35. Bxd4 exd4 36. Qxd4 Qxd6 37. Qxd6 Rxd6 38. Rd3 Re6 39. Rd1 Kf8 40. Bc4 Re7 41. Kf1 Ke8 42. Rd2 Rd7 43. Re2+ Kd8 44. Ke1 Kc7 45. h4 Bf3 46. Rd2 Re7+ 47. Kf1 Re5 48. Be2 Bxe2+ 49. Rxe2 Kd6 50. Rd2+ Rd5 51. Rc2 Rc5 52. Re2 Re5 53. Rd2+ Rd5 54. Re2 Rd1+ 55. Kg2 Rb1 56. g4 Kc5 57. b4+ Kb5 58. Re6 Ra1 59. Rxf6 Rxa3 60. Rf7 Kxb4 61. Rxb7 b5 62. Rxh7 Kc3 63. Rc7+ Kb3 64. Rc6 b4 65. Rxg6 Ka2 66. Rb6 b3 67. h5 b2 68. Rxb2+ Kxb2 69. g5 Kc3 70. h6 Kd4 71. h7 Ra8 72. g6 Rh8 73. g7 Rxh7 74. g8Q Rd7 75. Qg4+ 1-0